R Rajagopalan's Case Studies in Ethics, Integrity & Aptitude: (Record no. 193770)
[ view plain ]
| 000 -LEADER | |
|---|---|
| fixed length control field | 00896nam a2200229 4500 |
| 005 - DATE AND TIME OF LATEST TRANSACTION | |
| control field | 20251208164019.0 |
| 010 ## - LCCN (DPL NO) | |
| LC control number | B-746027-034 ENG-147278 E.N.A./7 7.11.22 |
| 020 ## - INTERNATIONAL STANDARD BOOK NUMBER | |
| International Standard Book Number | 9789391032081 |
| Terms of availability | 325.00 |
| 035 ## - SYSTEM CONTROL NUMBER | |
| System control number | B-746027-034 |
| 035 ## - SYSTEM CONTROL NUMBER | |
| System control number | EN-130810 |
| 037 ## - SOURCE OF ACQUISITION | |
| Source of stock number/acquisition | Asian Books |
| 037 ## - SOURCE OF ACQUISITION | |
| Source of stock number/acquisition | DBAD |
| 082 ## - DEWEY DECIMAL CLASSIFICATION NUMBER | |
| Classification number | 352.6 |
| 100 ## - MAIN ENTRY--PERSONAL NAME | |
| Personal name | Rajagopalan, R. |
| 245 ## - TITLE STATEMENT | |
| Title | R Rajagopalan's Case Studies in Ethics, Integrity & Aptitude: |
| Remainder of title | for civil Services Main Examination/ |
| Statement of responsibility, etc | R Rajagopalan |
| 250 ## - EDITION STATEMENT | |
| Edition statement | 3rd |
| 260 ## - PUBLICATION, DISTRIBUTION, ETC. (IMPRINT) | |
| Place of publication, distribution, etc | Haryana |
| Name of publisher, distributor, etc | Oak Bridge |
| Date of publication, distribution, etc | 2022 |
| 270 ## - ADDRESS | |
| Address | M 35, 1st Floor,old DLF, Gurugram, |
| City | Haryana |
| Postal code | 122001 |
| 300 ## - PHYSICAL DESCRIPTION | |
| Extent | 332p. |
| Dimensions | 22cm(pbk) |
| 942 ## - ADDED ENTRY ELEMENTS (KOHA) | |
| Source of classification or shelving scheme | Dewey Decimal Classification |
| Item type | English Books |
| Call number suffix | RRJ |
| Classification part | 352.6 |
| Withdrawn status | Lost status | Not for loan | Collection code | Home library | Current library | Date acquired | Source of acquisition | Cost, normal purchase price | Full call number | Barcode | Copy number | Cost, replacement price | Koha item type |
|---|---|---|---|---|---|---|---|---|---|---|---|---|---|
| Non-fiction | Ashok Vihar | Ashok Vihar | 03/02/2023 | Asian Book Centre/6090/28.11.22/143/23.11.22/3011.22 | 325.00 | 352.6 RRJ | B-746028 | 1 | 325.00 | English Books | |||
| Non-fiction | Bawana | Bawana | 03/02/2023 | Asian Book Centre/6090/28.11.22/143/23.11.22/3011.22 | 325.00 | 352.6 RRJ | B-746033 | 1 | 325.00 | English Books | |||
| Not For Loan | Non-fiction | Bawana | Bawana | 08/12/2025 | Delivery of Books Act Division | 325.00 | RRJ 352.6 | EN-130810 | 1 | 325.00 | English Books | ||
| Non-fiction | Central Library | Central Library | 03/02/2023 | Asian Book Centre/6090/28.11.22/143/23.11.22/3011.22 | 325.00 | 352.6 RRJ | B-746027 | 1 | 325.00 | English Books | |||
| Non-fiction | Narela | Narela | 03/02/2023 | Asian Book Centre/6090/28.11.22/143/23.11.22/3011.22 | 325.00 | 352.6 RRJ | B-746032 | 1 | 325.00 | English Books | |||
| Non-fiction | Patel Nagar | Patel Nagar | 03/02/2023 | Asian Book Centre/6090/28.11.22/143/23.11.22/3011.22 | 325.00 | 352.6 RRJ | B-746029 | 1 | 325.00 | English Books | |||
| Non-fiction | Sarojini Nagar | Sarojini Nagar | 03/02/2023 | Asian Book Centre/6090/28.11.22/143/23.11.22/3011.22 | 325.00 | 352.6 RRJ | B-746030 | 1 | 325.00 | English Books | |||
| Non-fiction | Shahdara Branch | Shahdara Branch | 03/02/2023 | Asian Book Centre/6090/28.11.22/143/23.11.22/3011.22 | 325.00 | 352.6 RRJ | B-746034 | 1 | 325.00 | English Books | |||
| Non-fiction | Vinoba Puri | Vinoba Puri | 03/02/2023 | Asian Book Centre/6090/28.11.22/143/23.11.22/3011.22 | 325.00 | 352.6 RRJ | B-746031 | 1 | 325.00 | English Books |
